| 000 | 00939cab a2200289 4500 | ||
|---|---|---|---|
| 001 | ABS47835 | ||
| 008 | 090401t1993 xxu||||| |||| 00| 0 eng d | ||
| 035 | _a(Sirsi) u63588 | ||
| 041 | _aeng | ||
| 100 | _aBurton, M. | ||
| 245 | _aTime to untangle the knot of TUPE? | ||
| 260 | _c1993 | ||
| 350 | _a0 | ||
| 490 |
_aMunicipal Journal _v(4) 29 January 1993, 24-25 (2) |
||
| 520 | _aAssesses the extent, to which the transfer of undertakings regulations will apply, as some Government sources still maintain that TUPE will not apply to CCT. | ||
| 650 | _aACQUIRED RIGHTS DIRECTIVE | ||
| 650 | _aCCT | ||
| 650 | _aEMPLOYMENT | ||
| 650 | _aTRADE UNION RIGHTS AND EMPLOYMENT BILL | ||
| 650 | _aTRANSFER OF UNDERTAKINGS (PROTECTION OF EMPLOYMENT) REGULATIONS 1981 | ||
| 650 | _aTUPE | ||
| 690 | _aBUILT ENVIRONMENT | ||
| 690 | _aECONOMIC AND SOCIAL | ||
| 690 | _aEUROPE-SINGLE MARKET | ||
| 942 | _n0 | ||
| 948 | _c04/03/1997 | ||
| 999 |
_c39529 _d39529 |
||